| 000 | 00809nam a2200229 i 4500 | ||
|---|---|---|---|
| 001 | 144535 | ||
| 003 | ES-MaACL | ||
| 005 | 20260130105347.0 | ||
| 007 | t| | ||
| 008 | 070214s1922 sp r ||||1| spa d | ||
| 080 | _a081 Silvela, Francisco | ||
| 100 | 1 |
_aSilvela, Francisco, _d1845-1905 _9106425 |
|
| 245 | 1 | 0 |
_aArtículos, discursos, conferencias y cartas / _cFrancisco Silvela ; notas de Félix de Llanos y Torriglia. |
| 260 |
_aMadrid : _bMateu, _c1922. |
||
| 300 |
_a3 v. : _bil. ; _c23 cm. |
||
| 530 | _aDisponible en formato digital. | ||
| 700 | 1 |
_aLlanos y Torriglia, Félix de, _d1868-1949 _972719 |
|
| 852 |
_aES-MaACL _jC-3236-28 _cSPAL |
||
| 856 | 4 |
_uhttp://bdh-rd.bne.es/viewer.vm?id=0000007524&page=1 _yBiblioteca Digital Hispánica |
|
| 942 | _2udc | ||
| 999 |
_c144535 _d144535 |
||